banner-ar

El Alamein and the struggle for North Africa : (Record no. 60718)

MARC details
000 -الفاتح
حقل البيانات ثابتة الطول 02312cam a22003257i 4500
005 - وقت وتاريخ اخر تعامل مع التسجيلة
رقم الضبط 20240530110424.0
008 - عناصر البيانات ثابتة الطول - معلومات عامة
حقل البيانات ثابتة الطول 130510t20122012ua ab f b 000 0 eng d
020 ## - الرقم الدولى المعيارى للكتب
الرقم الدولى المعيارى للكتاب 9789774165818
020 ## - الرقم الدولى المعيارى للكتب
الرقم الدولى المعيارى للكتاب 9774165810
035 ## - رقم ضبط النظام
رقم ضبط النظام (OCoLC)ocn815379223
040 ## - مصدر الفهرسة
وكالة الفهرسة الأصلية EG-CaGPL
وكالة النسخ EG-CaGPL
042 ## -
-- lccopycat
043 ## - رمز المنطقة الجغرافية
رمز المنطقة الجغرافية f-ua---
082 04 - رقم تصنيف ديوى العشرى
رقم الطبعة 21
رقم التصنيف 962.05
رقم المادة CC/E A
100 1# - المدخل الرئيسى - إسم شخصى
الإسم الشخصى Edwards, Jill
245 03 - بيان العنوان
العنوان El Alamein and the struggle for North Africa :
بقية العنوان international perspectives from the twenty-first century /
بيان المسئوليه,etc edited by Jill Edwards.
300 ## - الوصف المادى
التعداد xxi, 239 pages :
تفاصيل ماديه اخرى للوعاء illustrations, maps ;
أبعاد الوعاء 23 cm
504 ## - تبصرة ببليوجرافية
تبصرة ببليوجرافية,الخ Includes bibliographical references.
650 #0 - المدخل الاضافى بالموضوع-مصطلح موضوعى
مصطلح موضوعي El Alamein, Battle of, Egypt, 1942.
650 #0 - المدخل الاضافى بالموضوع-مصطلح موضوعى
مصطلح موضوعي World War, 1939-1945
التقسيم الفرعي الجغرافي Egypt.
700 1# - المدخل الاضافى - اسم شخصى
الإسم الشخصى Edwards, Jill
الشكل الأكمل للاسم (Jill Mary)
942 ## - عناصر المدخل الإضافي( كوها)
مصدر التصنيف او مخطط الترفيف Dewey Decimal Classification
Koha [default] item type كتاب
264 #1 -
-- Cairo :
-- The American University in Cairo Press,
-- [2012]
264 #4 -
-- ©2012.
336 ## -
-- text
-- rdacontent
337 ## -
-- unmediated
-- rdamedia
338 ## -
-- volume
-- rdacarrier
505 00 - تبصرة محتويات-الفهرس
العنوان Foreword /
بيان المسئولية William Roger Louis --
العنوان Introduction /
بيان المسئولية Jill Edwards --
معلومات متنوعة 1.
العنوان The war in North Africa, 1940-43: an overview of the role of the Union of South Africa /
بيان المسئولية James Jacobs --
معلومات متنوعة 2.
العنوان Training the troops: the Indian army in Egypt, Eritrea, and Libya, 1940-1942 /
بيان المسئولية Alan Jeffreys --
معلومات متنوعة 3.
العنوان "The part we played in this show": Australians and El Alamein /
بيان المسئولية Peter Stanley --
معلومات متنوعة 4.
العنوان "No model campaign": the Second New Zealand Division and the battle of El Alamein, October-December 1942 /
بيان المسئولية Glyn Harper --
معلومات متنوعة 5.
العنوان The Free French in the battle for North Africa, 1942: military action and its political presentation /
بيان المسئولية Rémy Porte --
معلومات متنوعة 6.
العنوان Between history and geography: the El Alamein Project: research, findings, and results /
بيان المسئولية Aldino Bondesan --
معلومات متنوعة 7.
العنوان Silent service: the Royal Navy and the desert victory /
بيان المسئولية Nick Hewitt --
معلومات متنوعة 8.
العنوان Feeding the fortress: Malta, summer 1942 /
بيان المسئولية Thomas Scheben --
معلومات متنوعة 9.
العنوان "The highest rule": Rommel as military genius /
بيان المسئولية Antulio J. Echevarria II --
معلومات متنوعة 10.
العنوان High command in the desert /
بيان المسئولية Niall Barr --
معلومات متنوعة 11.
العنوان Alexandrians tell their story: oral narratives of the war in North Africa, 1940-43 /
بيان المسئولية Mohamed Awad and Sahar Hamouda --
معلومات متنوعة 12.
العنوان The battle of El Alamein: impressions of a young schoolboy in Alexandria /
بيان المسئولية Harry Tzalas -- "Here dead lie we" /
-- A.E. Housman.
Holdings
حالة التراجع حالة الفقد مصدر التصنيف او خطة الترفيف حالة تلف ليس للاعارة المكان المؤقت الموقع الحالى تاريخ الاكتساب اجمالي اﻻعارات رقم الطلب الباركود تاريخ اخر مشاهدة تاريخ تفعيل السعر نوع وعاء كوها
    ddc     مكتبة القاهرة الكبرى مكتبة القاهرة الكبرى 03/22/2015   962.05 CC/E A 159825 03/22/2015 03/22/2015 كتاب

Powered By

EGPV